| 000 | 01039nam a2200229Ia 4500 | ||
|---|---|---|---|
| 001 | L208-3014 | ||
| 003 | IT-CnALBA | ||
| 008 | 170116s9999||||xx |||||||||||||| ||und|| | ||
| 040 |
_aIT-CnALBA _cIT-CnALBA |
||
| 041 | _aITALIANO | ||
| 100 | _aDÈ PAOLI VINCENZO, SANTO | ||
| 245 | 0 | _aLE PIÙ BELLE PAGINE DI S. VINCENZO DÈ PAOLI. | |
| 250 | _a1a ed. | ||
| 260 |
_a TORINO. ROMA _bBORLA EDITORE _c1960 [1° Ed.:1960 - Ed.Ling.Originale: 1960] |
||
| 300 | _a200 p. | ||
| 500 | _aCURATORE BARRA GIOVANNI. S. VINCENZO. CORAGGIO DEL SANTO. SANTO DELLA CARITÀ. COSTRUTTORE DI COMUNITÀ. INTRODUZIONE DI BARRA GIOVANNI. PREDICHE LETTERE MASSIME. | ||
| 501 | _aSocietà San Paolo EM - Piazza San Paolo, 14 - 12051 ALBA (CN) (non commercial uses only) ® Copyright 2017 | ||
| 520 | _aCURATORE BARRA GIOVANNI. S. VINCENZO. CORAGGIO DEL SANTO. SANTO DELLA CARITÀ. COSTRUTTORE DI COMUNITÀ. INTRODUZIONE DI BARRA GIOVANNI. PREDICHE LETTERE MASSIME. | ||
| 650 | _aPADRI E SCRITTORI ECCLESIASTICI | ||
| 942 | _cBK | ||
| 957 | _71 | ||
| 999 |
_a3994 _bNO _g Copie: 1 _c262202 _d262202 |
||